[Event "Titled Tuesday intern op 1st Nov 10am"]
[Site "Chess.com INT"]
[Date "2016.11.01"]
[Round "1"]
[White "Chigaev, Maksim"]
[Black "Literatus, Austin Jacob"]
[Result "1-0"]
[WhiteElo "2531"]
[BlackElo "2124"]
[PlyCount "63"]
[EventDate "2016.11.01"]
[EventType "swiss (blitz)"]
[EventRounds "9"]
[EventCountry "USA"]
[SourceTitle "EXT 2021"]
[Source "ChessBase"]
[SourceDate "2020.10.23"]
[SourceVersion "1"]
[SourceVersionDate "2020.10.23"]
[SourceQuality "1"]

1. e4 Nf6 2. e5 Nd5 3. d4 d6 4. Nf3 Bg4 5. Be2 c6 6. 0-0 Bxf3 7. Bxf3 dxe5 8. dxe5 e6 9. Qe2 Nd7 10. c4 Ne7 11. Bf4 Ng6 12. Bg3 Qg5 13. Re1 Bc5 14. Nc3 0-0 15. Ne4 Qe7 16. Nxc5 Qxc5 17. h4 Ne7 18. Be4 Rfe8 19. h5 Nf5 20. Bxf5 exf5 21. Qd3 Nf8 22. b3 g6 23. hxg6 hxg6 24. Bh4 Nh7 25. Qg3 Re6 26. Kf1 Rae8 27. f4 Kg7 28. Qf2 Qxf2+ 29. Kxf2 f6 30. Rad1 fxe5 31. Rd7+ Kh6 32. Rh1 1-0

[Event "Titled Tuesday intern op 1st Nov 2pm"]
[Site "Chess.com INT"]
[Date "2016.11.01"]
[Round "7"]
[White "Khachiyan, Melikset"]
[Black "Literatus, Austin Jacob"]
[Result "1-0"]
[WhiteElo "2541"]
[BlackElo "2124"]
[PlyCount "75"]
[EventDate "2016.11.01"]
[EventType "swiss (blitz)"]
[EventRounds "9"]
[EventCountry "USA"]
[SourceTitle "EXT 2021"]
[Source "ChessBase"]
[SourceDate "2020.10.23"]
[SourceVersion "1"]
[SourceVersionDate "2020.10.23"]
[SourceQuality "1"]

1. e4 Nf6 2. e5 Nd5 3. d4 d6 4. Nf3 Nd7 5. exd6 exd6 6. c4 N5b6 7. Nc3 Be7 8. Be2 0-0 9. 0-0 Nf6 10. h3 Bf5 11. g4 Bg6 12. Bf4 Re8 13. Re1 Ne4 14. Bd3 Nf6 15. Bxg6 hxg6 16. Qd3 Nfd7 17. b3 a5 18. a4 Nb8 19. Re2 Nc6 20. Rae1 Qd7 21. d5 Nb4 22. Qe3 Kf8 23. Nb5 Na6 24. Qd2 Nc5 25. Nfd4 c6 26. dxc6 bxc6 27. Rxe7 Rxe7 28. Bxd6 Ne6 29. Nxe6+ Kg8 30. Nc5 Rxe1+ 31. Qxe1 Qe8 32. Qxe8+ Rxe8 33. Na7 Rd8 34. Bc7 Rd1+ 35. Kg2 Nd7 36. Nxd7 Rxd7 37. Bb6 Rb7 38. c5 1-0

[Event "Titled Tuesday intern op 1st Nov 10am"]
[Site "Chess.com INT"]
[Date "2016.11.01"]
[Round "6"]
[White "Literatus, Austin Jacob"]
[Black "Terletsky, Oleg"]
[Result "0-1"]
[WhiteElo "2124"]
[BlackElo "2266"]
[PlyCount "138"]
[EventDate "2016.11.01"]
[EventType "swiss (blitz)"]
[EventRounds "9"]
[EventCountry "USA"]
[SourceTitle "EXT 2021"]
[Source "ChessBase"]
[SourceDate "2020.10.23"]
[SourceVersion "1"]
[SourceVersionDate "2020.10.23"]
[SourceQuality "1"]

1. e4 e5 2. d3 Nf6 3. Nf3 Nc6 4. Nbd2 d5 5. Be2 Bc5 6. 0-0 0-0 7. c3 Re8 8. Qc2 a5 9. Re1 h6 10. Nf1 Bg4 11. Ng3 dxe4 12. dxe4 Nh5 13. Nxh5 Bxh5 14. a4 Qf6 15. h3 Rad8 16. Bd2 Rd6 17. Rad1 Red8 18. Bc1 Bg6 19. Rxd6 Rxd6 20. Bc4 Nd8 21. Nh2 Bh5 22. Nf1 Ne6 23. Be3 Bxe3 24. Nxe3 Nf4 25. Bf1 c6 26. g3 Ne6 27. Nf5 Rd7 28. Be2 Bg6 29. Ne3 Nc5 30. f3 Qg5 31. Kf2 h5 32. h4 Qf6 33. Kg2 Qd8 34. Rd1 f6 35. Rxd7 Qxd7 36. b4 axb4 37. cxb4 Ne6 38. Bc4 Bf7 39. Bxe6 Bxe6 40. Qd1 Qe7 41. Qd2 g6 42. a5 Kf7 43. Kf2 Qc7 44. Nd1 Kg7 45. Nc3 c5 46. Nb5 Qc6 47. Nd6 c4 48. b5 Qc5+ 49. Kg2 c3 50. Ne8+ Kf7 51. Qd8 c2 52. Qxf6+ Kxe8 53. Qxe6+ Kd8 54. Qg8+ Kc7 55. Qf7+ Kb8 56. Qe8+ Qc8 57. Qxe5+ Ka8 58. a6 c1Q 59. axb7+ Kxb7 60. Qd5+ Kb6 61. Qd6+ Kxb5 62. Qd5+ Kb4 63. Qd4+ Kb3 64. Qb6+ Kc2 65. Qxg6 Qd2+ 66. Kg1 Qc5+ 67. Kh1 Qd1+ 68. Kh2 Qf2+ 69. Kh3 Qh1# 0-1

[Event "Titled Tuesday intern op 1st Nov 2pm"]
[Site "Chess.com INT"]
[Date "2016.11.01"]
[Round "9"]
[White "Posthuma, Joshua G"]
[Black "Literatus, Austin Jacob"]
[Result "0-1"]
[WhiteElo "2221"]
[BlackElo "2124"]
[PlyCount "146"]
[EventDate "2016.11.01"]
[EventType "swiss (blitz)"]
[EventRounds "9"]
[EventCountry "USA"]
[SourceTitle "EXT 2021"]
[Source "ChessBase"]
[SourceDate "2020.10.23"]
[SourceVersion "1"]
[SourceVersionDate "2020.10.23"]
[SourceQuality "1"]

1. d4 Nf6 2. c4 e5 3. dxe5 Ng4 4. Bf4 Nc6 5. Nf3 Bb4+ 6. Nbd2 Qe7 7. a3 Bxd2+ 8. Qxd2 Ngxe5 9. Nxe5 Nxe5 10. e3 d6 11. Be2 0-0 12. 0-0 b6 13. b4 Bb7 14. Qc3 f6 15. c5 dxc5 16. bxc5 Rad8 17. cxb6 axb6 18. Rac1 Rd7 19. Rfd1 Rfd8 20. Rxd7 Rxd7 21. Bxe5 Qxe5 22. Qb3+ Kh8 23. h3 h5 24. Qc3 Qg5 25. Bf1 Be4 26. Qb4 Qe5 27. Qf8+ Kh7 28. Qc8 Re7 29. Qa6 g5 30. Qe2 Kh6 31. Qd2 g4 32. hxg4 hxg4 33. g3 Kg6 34. Bg2 Bxg2 35. Kxg2 Qe4+ 36. Kf1 Rh7 37. Qc2 Kf5 38. Ke2 Qxc2+ 39. Rxc2 Ke5 40. Rc6 f5 41. Kd3 Rd7+ 42. Ke2 Kd5 43. Rf6 Ke5 44. Rc6 Rf7 45. a4 Kd5 46. Rc2 c5 47. Kd3 Ra7 48. Rb2 Kc6 49. Ra2 Re7 50. Kc4 Re4+ 51. Kc3 Rb4 52. a5 bxa5 53. Rxa5 Kd5 54. Kd3 Rb3+ 55. Ke2 Rb2+ 56. Ke1 Rc2 57. Ra8 Ke4 58. Rf8 c4 59. Re8+ Kf3 60. Re5 Re2+ 61. Kd1 Rxf2 62. Rxf5+ Kxe3 63. Rc5 Kf3 64. Rxc4 Kxg3 65. Ke1 Rf8 66. Rc3+ Kh2 67. Rc4 g3 68. Rh4+ Kg1 69. Rh3 g2 70. Ke2 Re8+ 71. Kd2 Kf2 72. Rh2 Kf1 73. Rh8 Rxh8 0-1

[Event "Titled Tuesday intern op 1st Nov 2pm"]
[Site "Chess.com INT"]
[Date "2016.11.01"]
[Round "4"]
[White "Sztokbant, Bernardo Vainzoff"]
[Black "Literatus, Austin Jacob"]
[Result "1-0"]
[WhiteElo "2172"]
[BlackElo "2124"]
[PlyCount "145"]
[EventDate "2016.11.01"]
[EventType "swiss (blitz)"]
[EventRounds "9"]
[EventCountry "USA"]
[SourceTitle "EXT 2021"]
[Source "ChessBase"]
[SourceDate "2020.10.23"]
[SourceVersion "1"]
[SourceVersionDate "2020.10.23"]
[SourceQuality "1"]

1. e4 Nf6 2. e5 Nd5 3. d4 d6 4. Nf3 Bg4 5. Be2 c6 6. 0-0 Bxf3 7. Bxf3 dxe5 8. dxe5 e6 9. Qe2 Nd7 10. b3 Ne7 11. Bb2 Ng6 12. Nd2 Bb4 13. Nc4 0-0 14. a3 Ba5 15. Nxa5 Qxa5 16. Rfe1 Rfd8 17. b4 Qc7 18. Rad1 a5 19. g3 axb4 20. axb4 Ra2 21. Ba1 Ne7 22. Qc4 Raa8 23. Qb3 Nf5 24. Bb2 Nb6 25. c4 h6 26. Bg4 Ne7 27. Bd4 Nd7 28. Qe3 b6 29. b5 c5 30. Bc3 Nf8 31. Bf3 Nf5 32. Qe4 Rxd1 33. Rxd1 Rd8 34. Rxd8 Qxd8 35. Bg4 g6 36. Kg2 h5 37. Bf3 Nd7 38. Bb2 Qc7 39. Bc3 Nd4 40. Bxd4 cxd4 41. Qxd4 Nxe5 42. Be2 Nd7 43. f4 Nc5 44. Bf3 Qa7 45. Qd8+ Kg7 46. Qd4+ Kg8 47. Kh3 Qc7 48. Bc6 Kh7 49. Qf6 Kg8 50. Kh4 Nb3 51. Kg5 Kh7 52. Be8 Kg8 53. Kh6 Kf8 54. Bc6 Nc5 55. Qh8+ Ke7 56. Qd4 Qd6 57. Qg7 Qc7 58. Kh7 Nd7 59. Bxd7 Qxd7 60. Qe5 Qc8 61. Qg5+ Kf8 62. Qh6+ Ke7 63. Qg5+ Kf8 64. Qf6 Qc7 65. Qh8+ Ke7 66. Qd4 Qb8 67. Kg7 Qf8+ 68. Kh7 Qb8 69. c5 f6 70. cxb6 Qe8 71. Qc5+ Kf7 72. Qc7+ Kf8 73. Qg7# 1-0

[Event "Olongapo City Puregold op-B"]
[Site "Olongapo City"]
[Date "2015.11.20"]
[Round "7"]
[White "Literatus, Austin Jacob"]
[Black "Quizon, Daniel"]
[Result "1-0"]
[WhiteElo "2098"]
[BlackElo "1661"]
[PlyCount "79"]
[EventDate "2015.11.17"]
[EventType "swiss"]
[EventRounds "9"]
[EventCountry "PHI"]
[SourceTitle "EXT 2017"]
[Source "ChessBase"]
[SourceDate "2016.10.25"]
[SourceVersion "1"]
[SourceVersionDate "2016.10.25"]
[SourceQuality "1"]

1. Nf3 Nf6 2. d4 g6 3. Nc3 Bg7 4. e4 d6 5. Bg5 h6 6. Bf4 Be6 7. h4 Nbd7 8. Qd2 Nb6 9. 0-0-0 d5 10. e5 Ne4 11. Qe3 Nxc3 12. Qxc3 Qd7 13. Ne1 Qc6 14. Qxc6+ bxc6 15. Nd3 Nd7 16. Nb4 Nb8 17. Ba6 Nxa6 18. Nxa6 Rc8 19. Rd3 f6 20. exf6 Bxf6 21. Nxc7+ Kf7 22. Nxe6 Kxe6 23. h5 g5 24. Re1+ Kd7 25. Be5 Bxe5 26. Rxe5 e6 27. Ra3 Rc7 28. f3 Rf8 29. g3 Kd6 30. Kd2 Rcf7 31. Rae3 Re8 32. b4 Ree7 33. c4 Re8 34. Kc3 dxc4 35. Kxc4 Ree7 36. a4 Rf8 37. b5 cxb5+ 38. axb5 Rf6 39. Ra3 Rc7+ 40. Rc5 1-0

[Event "Olongapo City Puregold op-B"]
[Site "Olongapo City"]
[Date "2015.11.20"]
[Round "6"]
[White "Mantupar, Ildefonso Jr"]
[Black "Literatus, Austin Jacob"]
[Result "0-1"]
[WhiteElo "1837"]
[BlackElo "2098"]
[PlyCount "64"]
[EventDate "2015.11.17"]
[EventType "swiss"]
[EventRounds "9"]
[EventCountry "PHI"]
[SourceTitle "EXT 2017"]
[Source "ChessBase"]
[SourceDate "2016.10.25"]
[SourceVersion "1"]
[SourceVersionDate "2016.10.25"]
[SourceQuality "1"]

1. d4 Nf6 2. Nf3 g6 3. Bf4 Bg7 4. e3 c5 5. c3 0-0 6. Be2 d6 7. h3 Nc6 8. 0-0 a6 9. a4 cxd4 10. exd4 Qb6 11. Nbd2 Be6 12. b4 Rac8 13. Rc1 Nd5 14. Nc4 Qc7 15. Bd2 Na7 16. Na5 b6 17. Nb3 b5 18. a5 h6 19. Bd3 Nf6 20. Re1 Bd5 21. Bf4 Qb7 22. Nbd2 Rc7 23. Qe2 Rfc8 24. Nb1 Nc6 25. Na3 Nd8 26. Bd2 Ne6 27. Ra1 Nh5 28. Nxb5 axb5 29. a6 Qb8 30. Bxb5 Nhf4 31. Qe3 h5 32. Bf1 Bh6 0-1

[Event "PHI-ch U20"]
[Site "San Antonio"]
[Date "2014.04.22"]
[Round "2"]
[White "Literatus, Austin Jacob"]
[Black "McDominique, Lagula"]
[Result "1-0"]
[WhiteElo "2191"]
[BlackElo "2090"]
[PlyCount "77"]
[EventDate "2014.04.21"]
[EventType "swiss"]
[EventRounds "11"]
[EventCountry "PHI"]
[SourceTitle "CBM 160 Extra"]
[Source "ChessBase"]
[SourceDate "2014.07.01"]
[SourceVersion "1"]
[SourceVersionDate "2014.07.01"]
[SourceQuality "1"]

1. d4 Nf6 2. Nf3 g6 3. g3 Bg7 4. Bg2 0-0 5. 0-0 c5 6. d5 d6 7. c4 b5 8. cxb5 a6 9. bxa6 Bxa6 10. Re1 Nbd7 11. h3 Qc7 12. Nc3 Rfb8 13. Qc2 Nb6 14. e4 Nfd7 15. b3 Ra7 16. Rb1 Na8 17. Bd2 Qb7 18. a4 Qc8 19. Nd1 Rab7 20. Ne3 Nab6 21. Rec1 h6 22. a5 Na8 23. Ng4 h5 24. Ne3 Nc7 25. Nc4 Nb5 26. Bf1 h4 27. gxh4 Nd4 28. Nxd4 Bxd4 29. Nxd6 Qc7 30. Nxb7 Qg3+ 31. Bg2 Bxf2+ 32. Kh1 Ne5 33. Qd1 Rxb7 34. Rc3 Qxh4 35. Be1 Bxe1 36. Qxe1 Qh5 37. Qg3 f6 38. Rxc5 Bd3 39. Rbc1 1-0

[Event "PHI-ch U20"]
[Site "San Antonio"]
[Date "2014.04.22"]
[Round "3"]
[White "Nazario, Marc Christian"]
[Black "Literatus, Austin Jacob"]
[Result "0-1"]
[WhiteElo "2139"]
[BlackElo "2191"]
[PlyCount "110"]
[EventDate "2014.04.21"]
[EventType "swiss"]
[EventRounds "11"]
[EventCountry "PHI"]
[SourceTitle "CBM 160 Extra"]
[Source "ChessBase"]
[SourceDate "2014.07.01"]
[SourceVersion "1"]
[SourceVersionDate "2014.07.01"]
[SourceQuality "1"]

1. e4 Nf6 2. e5 Nd5 3. c4 Nb6 4. c5 Nd5 5. Bc4 e6 6. Nc3 d6 7. cxd6 cxd6 8. Nf3 dxe5 9. Nxe5 Bd6 10. Nxf7 Kxf7 11. Nxd5 exd5 12. Bxd5+ Kf8 13. Qf3+ Qf6 14. Bxb7 Bxb7 15. Qxb7 Qe7+ 16. Qxe7+ Kxe7 17. d4 Nc6 18. Be3 Nb4 19. 0-0 Nd5 20. b3 Rac8 21. Rac1 Rxc1 22. Rxc1 Kd7 23. h4 Re8 24. Rc4 Nxe3 25. fxe3 Rxe3 26. Kf2 Re7 27. Kf3 Rf7+ 28. Ke3 Ke6 29. Ra4 h5 30. Ra6 g6 31. b4 Kd5 32. Kd3 Rf4 33. Ra5+ Ke6 34. Rxa7 Bxb4 35. g3 Rg4 36. Rb7 Bd6 37. a4 Kd5 38. Rb5+ Kc6 39. Kc4 Bxg3 40. Ra5 Bxh4 41. Ra6+ Kb7 42. Rd6 Bf2 43. Kb5 Bxd4 44. Rd7+ Kc8 45. Rf7 Rg5+ 46. Kc6 Rc5+ 47. Kd6 Ra5 48. Kc6 Ra6+ 49. Kb5 Rb6+ 50. Kc4 Rd6 51. a5 Rd7 52. Rf8+ Kb7 53. Kb5 h4 54. a6+ Ka7 55. Kc6 Rh7 0-1

[Event "Asia-ch U16"]
[Site "Hikkaduwa"]
[Date "2012.06.27"]
[Round "3.1"]
[White "Literatus, Austin Jacob"]
[Black "Narayanan, Sunilduth Lyna"]
[Result "0-1"]
[WhiteElo "1978"]
[BlackElo "2355"]
[PlyCount "61"]
[EventDate "2012.06.26"]
[EventType "swiss"]
[EventRounds "9"]
[EventCountry "SRI"]
[SourceTitle "EXT 2024"]
[Source "ChessBase"]
[SourceDate "2023.10.10"]
[SourceVersion "1"]
[SourceVersionDate "2023.10.10"]
[SourceQuality "1"]

1. Nf3 Nf6 2. g3 g6 3. Bg2 Bg7 4. 0-0 0-0 5. d4 d6 6. c4 Nc6 7. Nc3 a6 8. h3 Bd7 9. e4 e5 10. Be3 exd4 11. Nxd4 Re8 12. Rc1 Qc8 13. Nxc6 bxc6 14. Kh2 Rb8 15. b3 c5 16. Bg5 h6 17. Bxf6 Bxf6 18. f4 h5 19. Nd5 Bd4 20. f5 Qd8 21. Qd2 Kg7 22. Rce1 c6 23. Nf4 a5 24. Rf3 h4 25. Ref1 Be5 26. Kh1 g5 27. f6+ Kh6 28. gxh4 gxf4 29. Rxf4 Kh7 30. Qe2 Bxf4 31. Rxf4 0-1

[Event "ASEAN-ch U16 13th"]
[Site "Hue"]
[Date "2012.06.15"]
[Round "5"]
[White "Literatus, Austin Jacob"]
[Black "Iskandar, Bin Abdullah"]
[Result "1-0"]
[WhiteElo "1978"]
[BlackElo "2010"]
[PlyCount "79"]
[EventDate "2012.06.11"]
[EventType "swiss"]
[EventRounds "9"]
[EventCountry "VIE"]
[SourceTitle "CBM 149 Extra"]
[Source "ChessBase"]
[SourceDate "2012.08.24"]
[SourceVersion "1"]
[SourceVersionDate "2012.08.24"]
[SourceQuality "1"]

1. d4 Nf6 2. c4 d6 3. Nc3 g6 4. e4 Bg7 5. f4 0-0 6. Nf3 Na6 7. Be2 e5 8. fxe5 dxe5 9. d5 Ne8 10. 0-0 c5 11. Be3 Nd6 12. Nd2 f5 13. a3 f4 14. Bf2 Bd7 15. Rb1 b6 16. b4 g5 17. Nb5 Rf6 18. h3 Qc8 19. Nc3 Rh6 20. Bg4 Bxg4 21. Qxg4 cxb4 22. axb4 Nxc4 23. Qxc8+ Rxc8 24. Nf3 Rg6 25. Nb5 Nc7 26. Nxa7 Ra8 27. Nc6 Bf6 28. Rfc1 b5 29. Rxc4 bxc4 30. b5 Nxb5 31. Rxb5 Re8 32. Rc5 Be7 33. Rxc4 Bd6 34. Bc5 h6 35. Bxd6 Rxd6 36. Nfxe5 Kg7 37. Rd4 Rc8 38. Ra4 Rc7 39. Kf2 h5 40. Kf3 1-0

[Event "ASEAN-ch U16 13th"]
[Site "Hue"]
[Date "2012.06.13"]
[Round "3"]
[White "Le, Nhat Minh"]
[Black "Literatus, Austin Jacob"]
[Result "0-1"]
[WhiteElo "1911"]
[BlackElo "1978"]
[PlyCount "86"]
[EventDate "2012.06.11"]
[EventType "swiss"]
[EventRounds "9"]
[EventCountry "VIE"]
[SourceTitle "CBM 149 Extra"]
[Source "ChessBase"]
[SourceDate "2012.08.24"]
[SourceVersion "1"]
[SourceVersionDate "2012.08.24"]
[SourceQuality "1"]

1. c4 Nf6 2. Nc3 c6 3. d4 d5 4. Nf3 e6 5. Bg5 Nbd7 6. e3 Qa5 7. cxd5 exd5 8. Nd2 Bd6 9. Bd3 0-0 10. 0-0 Re8 11. Qc2 h6 12. Bh4 Qc7 13. Bg3 Bxg3 14. hxg3 Qd6 15. Rab1 a5 16. Rfc1 Ng4 17. Na4 Ndf6 18. Nb6 Rb8 19. Qc5 Qe6 20. Qxa5 Nxf2 21. Qa3 Qxe3 22. Bh7+ Kxh7 23. Qxe3 Rxe3 24. Kxf2 Ng4+ 25. Kf1 Bf5 26. Ra1 Rxg3 27. Re1 Rd3 28. Nb3 Ne3+ 29. Rxe3 Rxe3 30. Nc5 Rbe8 31. a4 R8e7 32. b4 Bd3+ 33. Kg1 Bc4 34. Rc1 Re1+ 35. Rxe1 Rxe1+ 36. Kf2 Rb1 37. Nxb7 Rxb4 38. a5 Rb2+ 39. Kf3 g5 40. Nd6 Be2+ 41. Ke3 Kg6 42. Nd7 f5 43. g3 Ba6 0-1